000 00464nam a22001337a 4500
040 _cNUST
082 _a200 THE
100 _aMashood Mohammad Mohsan
_9106779
110 _aSupervisor Prof. Dr. Muhammad Usman Akram Co-Supervisor Dr. Sajid Gul Khawaja
_9106780
245 _aTH-SOF-2116-Radiology Report Generation X-ray Images using Transformersfor Chest
260 _aISLAMABAD:
_bNUST COLLEGE OF EME,
_c2022.
650 _aMS-CSE-20
_998461
942 _2ddc
_cTHE
999 _c592914
_d592914